Länder mit A - Statistiken

Allgemein
  • Dieses Quiz wurde 128 mal gespielt
  • Das Durchschnittsergebnis liegt bei 11 aus 13
Antwortstatistiken
Land % Korrekt
Aserbaidschan
96%
Albanien
95%
Armenien
93%
Australien
93%
Argentinien
87%
Andorra
84%
Afghanistan
81%
Algerien
80%
Ägypten
74%
Antigua und Barbuda
74%
Angola
73%
Äthiopien
65%
Äquatorial-Guinea
63%
Keine übereinstimmenden Quizze gefunden
Verteilung der Resultate
Anzahl Personen mit jedem Resultat
Perzentil nach korrekt beantworteten Fragen
Ihre Resultats-Entwicklung
Sie haben dieses Quiz noch nicht gespielt